<?xml version="1.0" encoding="UTF-8"?>
<record
    xmlns:xsi="http://www.w3.org/2001/XMLSchema-instance"
    xsi:schemaLocation="http://www.loc.gov/MARC21/slim http://www.loc.gov/standards/marcxml/schema/MARC21slim.xsd"
    xmlns="http://www.loc.gov/MARC21/slim">

  <leader>01019nam a22002537a 4500</leader>
  <controlfield tag="001">78852</controlfield>
  <controlfield tag="003">BD-RjUL</controlfield>
  <controlfield tag="005">20211209083200.0</controlfield>
  <controlfield tag="008">211122r20192004bg ||||| |||| 00| 0 ben d</controlfield>
  <datafield tag="020" ind1=" " ind2=" ">
    <subfield code="a">9789840423217</subfield>
    <subfield code="c">: Tk. 250.00</subfield>
  </datafield>
  <datafield tag="035" ind1=" " ind2=" ">
    <subfield code="a">(BD-RjUL)79079</subfield>
  </datafield>
  <datafield tag="040" ind1=" " ind2=" ">
    <subfield code="a">BD-RjUL</subfield>
    <subfield code="b">eng</subfield>
    <subfield code="c">BD-RjUL</subfield>
  </datafield>
  <datafield tag="041" ind1=" " ind2=" ">
    <subfield code="a">ben</subfield>
  </datafield>
  <datafield tag="082" ind1=" " ind2=" ">
    <subfield code="2">23</subfield>
    <subfield code="a">891.441</subfield>
    <subfield code="b">PAS 2019</subfield>
  </datafield>
  <datafield tag="100" ind1=" " ind2=" ">
    <subfield code="a">&#x9AA;&#x9BE;&#x99F;&#x993;&#x9AF;&#x9BC;&#x9BE;&#x9B0;&#x9C0;, &#x986;&#x9AF;&#x9BC;&#x9BE;&#x9A4; &#x986;&#x9B2;&#x9C0;  </subfield>
    <subfield code="9">250322</subfield>
  </datafield>
  <datafield tag="245" ind1="1" ind2="0">
    <subfield code="a">&#x9B8;&#x9B0;&#x9CD;&#x9AC;&#x9B6;&#x9CD;&#x9B0;&#x9C7;&#x9B7;&#x9CD;&#x9A0; &#x9AC;&#x9BE;&#x999;&#x9BE;&#x9B2;&#x9BF; /</subfield>
    <subfield code="c">&#x986;&#x9AF;&#x9BC;&#x9BE;&#x9A4; &#x986;&#x9B2;&#x9C0; &#x9AA;&#x9BE;&#x99F;&#x993;&#x9AF;&#x9BC;&#x9BE;&#x9B0;&#x9C0; </subfield>
  </datafield>
  <datafield tag="260" ind1=" " ind2=" ">
    <subfield code="a">&#x9A2;&#x9BE;&#x995;&#x9BE; :</subfield>
    <subfield code="b">&#x986;&#x997;&#x9BE;&#x9AE;&#x9C0; &#x9AA;&#x9CD;&#x9B0;&#x995;&#x9BE;&#x9B6;&#x9A8;&#x9C0;</subfield>
    <subfield code="c">&#x9E8;&#x9E6;&#x9E6;&#x9EA; [&#x9AE;&#x9C1;&#x9A6;&#x9CD;&#x9B0;&#x9A3; &#x9E8;&#x9E6;&#x9E7;&#x9EF;]</subfield>
  </datafield>
  <datafield tag="300" ind1=" " ind2=" ">
    <subfield code="a">&#x9E7;&#x9E7;&#x9E6; &#x9AA;&#x9C3;.;</subfield>
    <subfield code="c">&#x9E8;&#x9E8; &#x9B8;&#x9C7;&#x9AE;&#x9BF;.</subfield>
  </datafield>
  <datafield tag="600" ind1=" " ind2=" ">
    <subfield code="a">&#x9AE;&#x9C1;&#x99C;&#x9BF;&#x9AC;&#x9C1;&#x9B0; &#x9B0;&#x9B9;&#x9AE;&#x9BE;&#x9A8; ,</subfield>
    <subfield code="c">&#x9B6;&#x9C7;&#x996;,</subfield>
    <subfield code="d">&#x9E7;&#x9EF;&#x9E8;&#x9E6;-&#x9E7;&#x9EF;&#x9ED;&#x9EB; </subfield>
    <subfield code="9">250327</subfield>
  </datafield>
  <datafield tag="600" ind1=" " ind2=" ">
    <subfield code="a">Mujibur Rahman,   </subfield>
    <subfield code="c">Sheikh,</subfield>
    <subfield code="d">1920-1975</subfield>
    <subfield code="9">250328</subfield>
  </datafield>
  <datafield tag="650" ind1=" " ind2=" ">
    <subfield code="a">&#x9AC;&#x9BE;&#x982;&#x9B2;&#x9BE; &#x995;&#x9AC;&#x9BF;&#x9A4;&#x9BE;</subfield>
    <subfield code="9">250325</subfield>
  </datafield>
  <datafield tag="650" ind1=" " ind2=" ">
    <subfield code="a">Bengali poetry </subfield>
    <subfield code="9">250326</subfield>
  </datafield>
  <datafield tag="942" ind1=" " ind2=" ">
    <subfield code="2">ddc</subfield>
    <subfield code="c">BK</subfield>
  </datafield>
  <datafield tag="999" ind1=" " ind2=" ">
    <subfield code="c">78852</subfield>
    <subfield code="d">78852</subfield>
  </datafield>
  <datafield tag="952" ind1=" " ind2=" ">
    <subfield code="0">0</subfield>
    <subfield code="1">0</subfield>
    <subfield code="2">ddc</subfield>
    <subfield code="4">0</subfield>
    <subfield code="7">0</subfield>
    <subfield code="8">NFIC</subfield>
    <subfield code="a">RUCL</subfield>
    <subfield code="b">RUCL</subfield>
    <subfield code="c">Stack</subfield>
    <subfield code="d">2021-11-14</subfield>
    <subfield code="e">Rajshahi Bidasagar</subfield>
    <subfield code="g">187.50</subfield>
    <subfield code="l">0</subfield>
    <subfield code="o">B 891.441 PAS 2019</subfield>
    <subfield code="r">2021-11-22 00:00:00</subfield>
    <subfield code="t">C-2</subfield>
    <subfield code="w">2021-11-22</subfield>
    <subfield code="y">BK</subfield>
  </datafield>
  <datafield tag="952" ind1=" " ind2=" ">
    <subfield code="0">0</subfield>
    <subfield code="1">0</subfield>
    <subfield code="2">ddc</subfield>
    <subfield code="4">0</subfield>
    <subfield code="7">1</subfield>
    <subfield code="8">NFIC</subfield>
    <subfield code="a">RUCL</subfield>
    <subfield code="b">RUCL</subfield>
    <subfield code="c">Bangabandhu Corner</subfield>
    <subfield code="d">2021-11-14</subfield>
    <subfield code="e">Rajshahi Bidasagar</subfield>
    <subfield code="g">187.50</subfield>
    <subfield code="l">0</subfield>
    <subfield code="o">B 891.441 PAS 2019</subfield>
    <subfield code="r">2021-11-22 00:00:00</subfield>
    <subfield code="t">C-1</subfield>
    <subfield code="w">2021-11-22</subfield>
    <subfield code="y">BK</subfield>
  </datafield>
</record>
